BIBLIOTECA

SENCICO

Programación de proyectos con incertidumbres : (Registro nro. 3669)

Detalles MARC
000 -LEADER
fixed length control field 01064nam a22002657a 4500
003 - CONTROL NUMBER IDENTIFIER
control field PE SENCICO BE
005 - DATE AND TIME OF LATEST TRANSACTION
control field 20251020182621.0
008 - FIXED-LENGTH DATA ELEMENTS--GENERAL INFORMATION
fixed length control field 221207b |||||||| |||| 00| 0 eng d
020 ## - INTERNATIONAL STANDARD BOOK NUMBER
International Standard Book Number 978-612-304-308-7
040 ## - CATALOGING SOURCE
Original cataloging agency PE SENCICO BE
Transcribing agency PE SENCICO BE
041 ## - LANGUAGE CODE
Language code of text/sound track or separate title spa
082 ## - DEWEY DECIMAL CLASSIFICATION NUMBER
Classification number 658.404
Item number R31
100 1# - MAIN ENTRY--PERSONAL NAME
9 (RLIN) 205
Personal name Reátegui Villanueva, Javier
245 1# - TITLE STATEMENT
Title Programación de proyectos con incertidumbres :
Remainder of title el margen de duración: cálculo y análisis /
Statement of responsibility, etc. Javier Reátegui Villanueva
250 ## - EDITION STATEMENT
Edition statement 1a ed.
260 ## - PUBLICATION, DISTRIBUTION, ETC.
Place of publication, distribution, etc. Lima:
Name of publisher, distributor, etc. Macro,
Date of publication, distribution, etc. 2015
300 ## - PHYSICAL DESCRIPTION
Extent [15], 267, [2] p., [10] h. pleg. :
Other physical details il. col., diagrs. ;
Dimensions 25 cm.
490 ## - SERIES STATEMENT
Series statement Ingeniería
500 ## - GENERAL NOTE
General note "Estructura y control del margen de duración - Algoritmo de Montecarlo - Hitos de decisión - Grupos y estructuras estocásticas - Variabilidad y probabilidad"--Cubierta.
504 ## - BIBLIOGRAPHY, ETC. NOTE
Bibliography, etc. note Bibliografía: p. [269].
650 10 - SUBJECT ADDED ENTRY--TOPICAL TERM
Topical term or geographic name entry element Administración de proyectos
9 (RLIN) 149
650 20 - SUBJECT ADDED ENTRY--TOPICAL TERM
Topical term or geographic name entry element Evaluación de proyectos
9 (RLIN) 14
910 ## - USER-OPTION DATA (OCLC)
-- hfp
-- hfp
942 ## - ADDED ENTRY ELEMENTS (KOHA)
Source of classification or shelving scheme Dewey Decimal Classification
Koha item type Libros
Classification part 658.404
Item part R31
Existencias
Fecha de la última vez que lo usaron Número de ingreso o de inventario Pago total Signatura topográfica completa Precio efectivo desde Tipo de documento Estado perdido Sistema de clasificación Estado dañado No es para préstamo Retirado Ubicación permanente Ubicación actual Fecha de adquisición
07/12/2022 16382   658.404/R31 07/12/2022 Libros   Dewey Decimal Classification       Biblioteca Central Lima Biblioteca Central Lima 07/12/2022